000
00276nam a2200121Ia 4500
100
_a
GOVERNMENT OF INDIA
942
_c
BK
245
_a
TRAINING MANUAL FOR I.T.I. & CENTRES.
260
_b
Tata McGrawhill
_a
New Delhi
_c
2003
300
_a
198
546
_a
ENGLISH
999
_c
25146
_d
25146